| 000 | ncm a22 c 4500 | ||
|---|---|---|---|
| 999 |
_c374011 _d374011 |
||
| 003 | BLK | ||
| 005 | 20200709122154.0 | ||
| 008 | 180414b bul |a|er|||| |0| c|bulo| | ||
| 010 | _aNOT00000787000 | ||
| 040 | _aBLK | ||
| 041 |
_aBUL _cBUL |
||
| 080 |
_aКамерна вок. муз. Песни, балади, арии, романси _b784.3 |
||
| 100 | 1 |
_aЖеков, Петър _eпърви автор _9385144 |
|
| 139 |
_aЖеков, Петър _bЖ 32 |
||
| 245 | 1 | 0 |
_aПесни _bЗа глас със съпровод на пиано; Романси и песни _cПетър Жеков; текст на том Пейо Яворов. _nТетр. 1 - _pТетр. 9 |
| 257 | _aBGR | ||
| 260 |
_c1994 - _aСтара Загора _f Печ. Наука и техника |
||
| 300 | _c33 см | ||
| 380 | _a7 | ||
| 500 | _aЗабележка към том: Съдържа 27 песни | ||
| 650 | 7 |
_9166108 _aПесни |
|
| 653 | 7 |
_9184164 _aглас |
|
| 700 |
_aЯворов, Пейо Крачолов _eтекст _91581 |
||
| 760 | 1 |
_aЖеков, Петър _c75 с. _h75 с. _nСъдържа 27 песни _tЗа глас със съпровод на пиано; Романси и песни _oТетр. 9 |
|
| 852 |
_aЦб М ІІ 11177 _p0 _bЦб |
||
| 856 | 4 |
_qpdf _u |
|
| 856 | 4 |
_qpdf _u |
|
| 942 |
_cNOT _n0 _s1 |
||
| 944 |
_aCR _c2020-07-09 _kАтанаска Минкова |
||
| 999 | _d374011 | ||
| 999 | _d374008 | ||
| 999 | _d374008 | ||
| 999 | _d374006 | ||
| 999 | _d374006 | ||
| 999 | _d298071 | ||